Readers Digest Library of Modern Knowledge (Record no. 4654)
[ view plain ]
| 000 -LEADER | |
|---|---|
| fixed length control field | 00578nam a2200217 a 4500 |
| 020 ## - INTERNATIONAL STANDARD BOOK NUMBER | |
| ISBN | |
| 082 00 - DEWEY DECIMAL CLASSIFICATION NUMBER | |
| Classification number | 030 |
| Author Cutter | REA |
| 245 ## - TITLE STATEMENT | |
| Title | Readers Digest Library of Modern Knowledge |
| 260 ## - PUBLICATION, DISTRIBUTION, ETC. (IMPRINT) | |
| Place of publication | London |
| Name of publisher | Readers Digest Association Limited |
| Year of publication | 1978 |
| 300 ## - PHYSICAL DESCRIPTION | |
| Number of Pages | 416p |
| 500 ## - GENERAL NOTE | |
| General note | includes index and biblioraphy |
| 650 ## - SUBJECT ADDED ENTRY--TOPICAL TERM | |
| Topical Term | Encyclopaedia-Britannica |
| 942 ## - ADDED ENTRY ELEMENTS (KOHA) | |
| Koha item type | Books |
| Collection code | Home library | Current library | Shelving location | Date acquired | Cost, normal purchase price | Full call number | Accession Number | Koha item type |
|---|---|---|---|---|---|---|---|---|
| Reference | Henry Martyn Institute Library | Henry Martyn Institute Library | Reference | 08/30/2018 | 100.00 | 030 REA | 09209 | Books |
| Reference | Henry Martyn Institute Library | Henry Martyn Institute Library | Reference | 08/30/2018 | 100.00 | 030 REA | 09210 | Books |
| Reference | Henry Martyn Institute Library | Henry Martyn Institute Library | Reference | 08/30/2018 | 100.00 | 030 REA | 09211 | Books |
